Score 0/19 Timer 03:00
0 Plays Today
% Correct
China
98.1%
India
97.5%
Russia
96.9%
Indonesia
94%
Mongolia
93%
South Korea
92%
North Korea
91.9%
Saudi Arabia
91.7%
Malaysia
88.4%
Cambodia
82%
% Correct
Syria
80%
Sri Lanka
79.8%
Armenia
75.4%
Georgia
74.2%
Turkey
68.6%
Brunei
59.2%
Palestine
58.6%
Singapore
56.5%
Timor-Leste
50.8%
Remove Ads.
Support Sporcle.
Get the best of Sporcle when you Go Orange. This ad-free experience offers more features, more stats, and more fun while also helping to support Sporcle. Thank you for becoming a member.

You're not logged in!

Compare scores with friends on all Sporcle quizzes.
OR
Log In

Show Comments

Extras

Top Quizzes Today


Score Distribution

Your Account Isn't Verified!

In order to create a playlist on Sporcle, you need to verify the email address you used during registration. Go to your Sporcle Settings to finish the process.

Report this User

Report this user for behavior that violates our Community Guidelines.

Details: